000 00312 a2200133 4500
999 _c286353
_d286353
001 51280
003 NUST
005 20180118194747.0
008 180118b xxu||||| |||| 00| 0 eng d
082 _a358.4 CAM
100 _aCampbell, C
_99005
245 _aAir Warfare : The Fourth Generation
_hEnglish
250 _a1st
260 _aLondon
_bMacmillan
300 _a192p.
942 _aNUST-CAE
_cBK
_cBK
_k358.4 CAM
_2ddc